<?xml version="1.0" encoding="UTF-8"?>
<record
    xmlns:xsi="http://www.w3.org/2001/XMLSchema-instance"
    xsi:schemaLocation="http://www.loc.gov/MARC21/slim http://www.loc.gov/standards/marcxml/schema/MARC21slim.xsd"
    xmlns="http://www.loc.gov/MARC21/slim">

  <leader>00769    a2200241   4500</leader>
  <controlfield tag="003">0</controlfield>
  <controlfield tag="005">20160609161655.0</controlfield>
  <controlfield tag="008">100803t        xxu||||| |||| 00| 0 eng d</controlfield>
  <datafield tag="040" ind1=" " ind2=" ">
    <subfield code="a">BUAC</subfield>
  </datafield>
  <datafield tag="041" ind1=" " ind2=" ">
    <subfield code="a">Fr.</subfield>
  </datafield>
  <datafield tag="100" ind1=" " ind2=" ">
    <subfield code="a">Laburthe-Tolra, Philippe</subfield>
    <subfield code="9">7899</subfield>
  </datafield>
  <datafield tag="245" ind1=" " ind2=" ">
    <subfield code="a">Initiation africaine : </subfield>
    <subfield code="b">suppl&#xE9;ment de philosophie et de sociologie &#xE0; l'usage de l'Afrique noire</subfield>
    <subfield code="c">/ Philippe Laburthe-Tolra, Ren&#xE9; Bureau</subfield>
  </datafield>
  <datafield tag="260" ind1=" " ind2=" ">
    <subfield code="a">Yaound&#xE9; : </subfield>
    <subfield code="b">Ed. Cl&#xE9;</subfield>
    <subfield code="c">1971</subfield>
  </datafield>
  <datafield tag="300" ind1=" " ind2=" ">
    <subfield code="a">293p.</subfield>
    <subfield code="c">21 cm.</subfield>
  </datafield>
  <datafield tag="440" ind1=" " ind2=" ">
    <subfield code="a">(Etudes et documents africains)</subfield>
    <subfield code="9">7900</subfield>
  </datafield>
  <datafield tag="504" ind1=" " ind2=" ">
    <subfield code="a">Comprend un lexique</subfield>
  </datafield>
  <datafield tag="630" ind1=" " ind2=" ">
    <subfield code="a">PHILOSOPHIE</subfield>
    <subfield code="9">7901</subfield>
  </datafield>
  <datafield tag="650" ind1=" " ind2=" ">
    <subfield code="a">Philosophie africaine</subfield>
    <subfield code="9">7902</subfield>
  </datafield>
  <datafield tag="653" ind1=" " ind2=" ">
    <subfield code="a">Connaissances &#xE9;sot&#xE9;riques </subfield>
  </datafield>
  <datafield tag="700" ind1=" " ind2=" ">
    <subfield code="a">Bureau, Ren&#xE9;</subfield>
    <subfield code="c">Collab.</subfield>
    <subfield code="9">7903</subfield>
  </datafield>
  <datafield tag="942" ind1=" " ind2=" ">
    <subfield code="c">LIVR</subfield>
  </datafield>
  <datafield tag="999" ind1=" " ind2=" ">
    <subfield code="c">39667</subfield>
    <subfield code="d">39667</subfield>
  </datafield>
  <datafield tag="952" ind1=" " ind2=" ">
    <subfield code="0">0</subfield>
    <subfield code="1">0</subfield>
    <subfield code="4">0</subfield>
    <subfield code="7">0</subfield>
    <subfield code="a">BUAC</subfield>
    <subfield code="b">BUAC</subfield>
    <subfield code="d">0000-00-00</subfield>
    <subfield code="e">ACHAT</subfield>
    <subfield code="l">0</subfield>
    <subfield code="o">140.8 (66) LAB</subfield>
    <subfield code="r">2010-07-16 00:00:00</subfield>
    <subfield code="t">1</subfield>
    <subfield code="w">2010-07-16</subfield>
    <subfield code="y">LIVR</subfield>
  </datafield>
  <datafield tag="952" ind1=" " ind2=" ">
    <subfield code="0">0</subfield>
    <subfield code="1">0</subfield>
    <subfield code="4">0</subfield>
    <subfield code="7">0</subfield>
    <subfield code="a">BUAC</subfield>
    <subfield code="b">BUAC</subfield>
    <subfield code="d">0000-00-00</subfield>
    <subfield code="e">ACHAT</subfield>
    <subfield code="l">0</subfield>
    <subfield code="o">140.8(66) LAB</subfield>
    <subfield code="r">2010-07-16 00:00:00</subfield>
    <subfield code="t">2</subfield>
    <subfield code="w">2010-07-16</subfield>
    <subfield code="y">LIVR</subfield>
  </datafield>
  <datafield tag="952" ind1=" " ind2=" ">
    <subfield code="0">0</subfield>
    <subfield code="1">0</subfield>
    <subfield code="4">0</subfield>
    <subfield code="7">0</subfield>
    <subfield code="a">BUAC</subfield>
    <subfield code="b">BUAC</subfield>
    <subfield code="d">0000-00-00</subfield>
    <subfield code="e">ACHAT</subfield>
    <subfield code="l">0</subfield>
    <subfield code="o">140.8(66)  LAB</subfield>
    <subfield code="r">2010-07-22 00:00:00</subfield>
    <subfield code="t">3</subfield>
    <subfield code="w">2010-07-22</subfield>
    <subfield code="y">LIVR</subfield>
  </datafield>
</record>
